000 01512cam a2200373 i 4500
650 7 _aFilosofía
_2
_97168
999 _c65703
_d65703
001 768714001
003 CO-MdFUSB
005 20220720062537.0
007 ta
008 940718t1995 enk b 001 0 eng
010 _a 94027031
020 _a0521410932
020 _a9780521410939
020 _a0521485320
_q(pbk.)
020 _a9780521485326
_q(pbk.)
040 _aDLC
_beng
_cCO-MdFUSB
_dUKM
_dCO-MdFUSB
_dMNM
_dBAKER
_dNLGGC
_dBTCTA
_dYDXCP
_dHEBIS
_dBDX
_dUKBOL
_dOCLCF
_dTUU
_dEUW
_dDEBSZ
_dOCLCO
_dXFF
_dOCLCO
_dOCLCQ
_dCSJ
_dOCLCO
_dDEBBG
_dOCLCQ
_dOCLCO
_dMM9
_dOCLCO
_dCNO
_dOCLCO
_dCSO
_dUKUOY
_dOCLCQ
_erda
041 _aeng
082 _223
_a809.1
_bE243
100 1 _aEdmundson, Mark,
_d1952-
_eautor
245 1 0 _aLiterature against philosophy, Plato to Derrida :
_ba defence of poetry /
_cMark Edmundson.
264 1 _aEstados Unidos :
_bCambridge University Press,
_c[1995]
264 4 _c© 1995
300 _axii, 243 páginas ;
_c23 cm.
336 _atexto
_btxt
_2rdacontent.
337 _asin mediación
_bn
_2rdamedia.
338 _avolumen
_bnc
_2rdacarrier.
504 _aIncluye referencias bibliográficas
505 0 _aPrólogo: una antigua disputa. -- Retórica de la ceguera. -- Polémicas contra la presencia. -- Historia real. -- Foucault Inc. -- Bajo la influencia.
520 _aDefensa del arte literario contra el impulso centenario de subsumir la literatura en teoría y filosofía.
942 _cBK
945 _aJTF-925